Image Statistics in Visual Computing /

Guardado en:
Detalles Bibliográficos
Autores principales: Pouli, Tania (Autor), Reinhard, Erik (Autor), Cunningham, Douglas W. (Autor)
Formato: Libro
Lenguaje:inglés
Publicado: New York CRC Press 2014
Etiquetas: Agregar Etiqueta
Sin Etiquetas, Sea el primero en etiquetar este registro!

MARC

LEADER 00000nam a22000003a 4500
001 0011792
003 SK-STU
005 20160121101530.0
007 ta
008 160121s ----xo-----e------000-0-----d
020 |a 978-1-56881-725-5 
040 |a STU  |b slo 
041 0 |a eng 
044 |a xxu 
080 |a 621.38 
100 1 |a Pouli, Tania  |r Z6  |4 aut 
245 1 0 |a Image Statistics in Visual Computing /  |c aut. Tania Pouli, Erik Reinhard, Douglas W Cunningham 
260 |a New York  |b CRC Press  |c 2014 
300 |a 354 s. 
700 1 |a Reinhard, Erik  |r Z6  |4 aut 
700 1 |a Cunningham, Douglas W.  |r Z6  |4 aut 
996 |b 284EK89622  |c E* 89622  |l EE34  |s P  |a 0  |w 0011792_0001